[Event "Challenge"]
[Site "http://www.queenalice.com/game.php?id=162232"]
[Date "2007.2.1"]
[Round "-"]
[White "nemeth"]
[Black "Leh"]
[Result "1-0"]
[WhiteElo "1735"]
[BlackElo "1448"]

1. e4 e5 2. Nc3 Nc6 3. Bc4 Nf6 4. f4 d6 5. Nf3 Bg4 6. Bb5 Be7 7. h3 Bxf3 8. Qxf3
Qd7 9. d3 a6 10. Bxc6 Qxc6 11. Bd2 O-O 12. f5 b5 13. a3 a5 14. g4 b4 15. h4 bxc3
16. Bxc3 d5 17. O-O-O Rab8 18. g5 Qb6 19. gxf6 dxe4 20. dxe4 Bxf6 21. h5 h6 22.
Rd5 c6 23. Rd7 c5 24. Rhd1 c4 25. Qg3 Qb5 26. R1d5 Qb6 27. R5d6 Qb5 28. Rd5 Qa4
29. R7d6 Qe8 30. Rxf6 Qe7 31. Bxe5 Rbd8 32. Re6 Qg5+ 33. Qxg5 hxg5 34. Ra6 Rc8
35. Raxa5 f6 36. Bc3 Rfe8 37. e5 fxe5 38. Rxe5 g4 39. Be1 Kf8 40. Bf2 Rxe5 41.
Rxe5 Rc6 42. Re4 Rf6 43. Bc5+ 1-0

[Event "Challenge"]
[Site "http://www.queenalice.com/game.php?id=163519"]
[Date "2007.2.4"]
[Round "-"]
[White "Leh"]
[Black "technicaldraw"]
[Result "0-1"]
[WhiteElo "1507"]
[BlackElo "2020"]

1. e4 c6 2. d4 d5 3. e5 Bf5 4. f4 e6 5. Nf3 c5 6. Nc3 Nc6 7. Bb5 a6 8. Bxc6+
bxc6 9. Be3 c4 10. Qd2 Bb4 11. O-O-O Qa5 12. a3 Bxa3 13. Qe1 Bb4 14. Bd2 Rb8 15.
Nb1 Bxd2+ 16. Rxd2 Qa1 17. b3 c3 18. Rf2 Qb2+ 19. Kd1 Qxb1+ 20. Ke2 Qxc2+ 21.
Kf1 Qxb3 22. Qe3 Qd1+ 23. Ne1 Rb1 24. Qxc3 Bd3+ 0-1

[Event "Challenge"]
[Site "http://www.queenalice.com/game.php?id=163522"]
[Date "2007.2.4"]
[Round "-"]
[White "technicaldraw"]
[Black "Leh"]
[Result "1-0"]
[WhiteElo "2028"]
[BlackElo "1471"]

1. e4 e5 2. Nf3 Nc6 3. Bb5 Nf6 4. O-O d5 5. Nxe5 Bd7 6. Nxd7 Qxd7 7. e5 Ng4 8.
d4 h5 9. Qf3 O-O-O 10. Nc3 a6 11. Bxc6 Qxc6 12. Qxf7 h4 13. Bg5 Bb4 14. Bxd8
Kxd8 15. Qxg7 Rh5 16. Qxg4 Qh6 17. Qg8+ Kd7 18. Qf7+ Kd8 19. Nxd5 Ba5 20. Qe7+
1-0

[Event "Challenge"]
[Site "http://www.queenalice.com/game.php?id=164051"]
[Date "2007.2.5"]
[Round "-"]
[White "Chazam"]
[Black "Leh"]
[Result "0-1"]
[WhiteElo "1525"]
[BlackElo "1472"]

1. f4 d5 2. e3 Nf6 3. Bd3 Nc6 4. Nf3 Bg4 5. a3 e5 6. h3 Bxf3 7. gxf3 e4 8. Bb5
Bc5 9. b4 Bb6 10. Bb2 Nh5 11. Rg1 Qh4+ 12. Ke2 Ng3+ 13. Rxg3 Qxg3 14. Qf1 exf3+
15. Qxf3 Qh2+ 16. Ke1 O-O-O 17. Bxg7 Qg1+ 18. Qf1 Qxg7 19. Nc3 Rhe8 20. Kd1 d4
21. Bxc6 dxe3 22. d3 e2+ 23. Nxe2 Qxa1+ 24. Nc1 bxc6 25. Kd2 Qxa3 26. Qf3 Qxb4+
27. c3 Qb2+ 28. Kd1 Qxc3 29. Ne2 Rxd3+ 30. Qxd3 Qxd3+ 31. Kc1 Be3+ 32. Kb2 Bd4+
33. Nxd4 Qxd4+ 34. Kc2 Re2+ 35. Kb1 Qd1# 0-1

[Event "Challenge"]
[Site "http://www.queenalice.com/game.php?id=164755"]
[Date "2007.2.7"]
[Round "-"]
[White "Leh"]
[Black "Admilton"]
[Result "1-0"]
[WhiteElo "1475"]
[BlackElo "1418"]

1. e4 e5 2. Nf3 d6 3. d4 f6 4. Bc4 Ne7 5. d5 c6 6. Nc3 cxd5 7. Nxd5 Nd7 8. Bb5
Nxd5 9. Qxd5 a6 10. Ba4 Qe7 11. Be3 Rb8 12. Bb6 Qf7 13. Qa5 Be7 14. Ba7 Bd8 15.
Qb4 Ra8 16. Bb6 Qg6 17. O-O-O Qxg2 18. Qxd6 Qg4 19. Rd3 Be7 20. Qd5 Bd8 21. Bxd8
Kxd8 22. h3 Qf4+ 23. Nd2 Kc7 24. Qf7 b5 25. Bb3 Qg5 26. Bd5 Ra7 27. Be6 Rf8 28.
Rxd7+ Kb6 29. Qxf8 Bxd7 30. Bxd7 Rxd7 31. Qb4 a5 32. Qc3 b4 33. Qe3+ Qxe3 34.
fxe3 g5 35. Nc4+ Kb5 36. b3 h5 37. Rf1 Rf7 38. Nd6+ 1-0

[Event "AUTO-OPEN-548"]
[Site "http://www.queenalice.com/game.php?id=165400"]
[Date "2007.2.8"]
[Round "1"]
[White "embuchador"]
[Black "Leh"]
[Result "1-0"]
[WhiteElo "1853"]
[BlackElo "1443"]

1. e4 e5 2. Nf3 Nc6 3. Bb5 d6 4. Bxc6+ bxc6 5. d4 Nf6 6. Bg5 Be7 7. Nbd2 Bg4 8.
dxe5 dxe5 9. h3 Bxf3 10. Qxf3 Rb8 11. b3 Qd4 12. Rd1 Qb4 13. O-O O-O 14. Qg3 Nh5
15. Qxe5 Bxg5 16. Qxg5 Nf6 17. e5 Nd5 18. Nf3 h6 19. Qg3 Nf4 20. Rfe1 c5 21. Qh2
Rfe8 22. c3 Nxh3+ 23. Qxh3 Qxc3 24. Rc1 Qd3 25. Rxc5 Rb4 26. Rxc7 1-0

[Event "AUTO-OPEN-548"]
[Site "http://www.queenalice.com/game.php?id=165401"]
[Date "2007.2.8"]
[Round "1"]
[White "Leh"]
[Black "embuchador"]
[Result "0-1"]
[WhiteElo "1443"]
[BlackElo "1853"]

1. e4 c5 2. d4 cxd4 3. Nf3 Nc6 4. c3 dxc3 5. Nxc3 d6 6. Bb5 Bg4 7. Qd5 Rc8 8.
Be3 Bxf3 9. gxf3 Nf6 10. Qc4 a6 11. Bxc6+ bxc6 12. Qxa6 e6 13. Bb6 Qd7 14. O-O-O
Be7 15. e5 Nd5 16. exd6 Bxd6 17. Ne4 Bf4+ 18. Kb1 O-O 19. Ka1 Ra8 20. Qc4 Be5
21. Rhg1 Qb7 22. Bd4 Bxd4 23. Qxd4 f6 24. Nd6 Qa6 25. a3 Ra7 26. Nc4 Nb4 0-1

[Event "AUTO-OPEN-548"]
[Site "http://www.queenalice.com/game.php?id=165420"]
[Date "2007.2.8"]
[Round "1"]
[White "rrainey22"]
[Black "Leh"]
[Result "1-0"]
[WhiteElo "1632"]
[BlackElo "1501"]

1. e4 e5 2. d4 Nc6 3. f4 d5 4. dxe5 Nge7 5. exd5 Nxd5 6. g3 Bf5 7. Bd3 Bxd3 8.
Qxd3 Ncb4 9. Qe2 Bc5 10. c3 Nc6 11. Nf3 Qe7 12. a4 O-O-O 13. b4 Bxb4 14. cxb4
Qxb4+ 15. Qd2 Qxd2+ 16. Bxd2 f6 17. exf6 Nxf6 18. O-O Ne4 19. Rd1 Nd4 20. Nxd4
Rxd4 21. Ra3 Rhd8 22. Ra2 h5 23. Kf1 c5 24. Ke2 Re8 25. Kf3 g5 26. Nc3 Nxc3 27.
Bxc3 Rxd1 28. fxg5 Rd3+ 29. Kf4 Rxc3 30. g6 Rc4+ 31. Kg5 1-0

[Event "AUTO-OPEN-548"]
[Site "http://www.queenalice.com/game.php?id=165421"]
[Date "2007.2.8"]
[Round "1"]
[White "Leh"]
[Black "rrainey22"]
[Result "1-0"]
[WhiteElo "1489"]
[BlackElo "1658"]

1. e4 e5 2. Nf3 d5 3. Nc3 c6 4. d4 Bb4 5. Bd2 Bxc3 6. Bxc3 exd4 7. Bxd4 f6 8.
Bd3 Qe7 9. e5 Bg4 10. Qe2 a6 11. O-O-O c5 12. Bxc5 Qxc5 13. exf6+ Kf7 14. Ne5+
Kxf6 15. Nxg4+ Kf7 16. Ne5+ Kf8 17. Qf3+ Nf6 18. Be2 Ra7 19. Rxd5 Qe7 20. Nc4
Kg8 21. Re5 Qf7 22. Rd1 Nc6 23. Nd6 Nxe5 24. Nxf7 Nxf3 25. Nxh8 Nxh2 26. Rd8+
Ne8 27. Rxe8# 1-0

[Event "AUTO-INT-340"]
[Site "http://www.queenalice.com/game.php?id=165580"]
[Date "2007.2.8"]
[Round "1"]
[White "Kratos"]
[Black "Leh"]
[Result "1-0"]
[WhiteElo "1507"]
[BlackElo "1505"]

1. e4 e5 2. Nf3 Nc6 3. Bc4 Nf6 4. Ng5 d5 5. Bxd5 Nxd5 6. Qf3 Qxg5 7. O-O Bg4 8.
d3 Qxc1 9. Qxg4 Qxb2 10. Nd2 Qxc2 11. Nc4 Qxd3 12. exd5 Nb4 13. Rad1 Qc2 14.
Nxe5 Qxa2 15. Qd7# 1-0

[Event "AUTO-INT-340"]
[Site "http://www.queenalice.com/game.php?id=165581"]
[Date "2007.2.8"]
[Round "1"]
[White "Leh"]
[Black "Kratos"]
[Result "1-0"]
[WhiteElo "1516"]
[BlackElo "1541"]

1. e4 Nc6 2. d4 Nf6 3. Nc3 e6 4. Bg5 e5 5. d5 Nd4 6. Nf3 Bc5 7. Nxe5 d6 8. Nf3
Bg4 9. Be2 h6 10. Bh4 g5 11. Bg3 Qe7 12. Nxd4 Bxd4 13. Qxd4 c5 14. Qa4+ Nd7 15.
Bxg4 a6 16. Bxd7+ Qxd7 17. Bxd6 b5 18. Qa5 Qxd6 19. Nxb5 Qe5 20. Nc7+ Ke7 21.
Qxc5+ Qd6 22. Qa5 Rhc8 23. Nxa8 Rxa8 24. O-O-O Qf4+ 25. Rd2 Qxe4 26. Qc7+ Kf8
27. d6 Qxg2 28. Re1 Qxf2 29. Qe7+ Kg8 30. Rxf2 Rf8 31. Qxf7+ Rxf7 32. Rxf7 Kxf7
33. d7 h5 34. d8=Q g4 35. Qe7+ 1-0

[Event "AUTO-INT-340"]
[Site "http://www.queenalice.com/game.php?id=165598"]
[Date "2007.2.8"]
[Round "1"]
[White "Leh"]
[Black "jsh272"]
[Result "0-1"]
[WhiteElo "1459"]
[BlackElo "1581"]

1. e4 e5 2. Nf3 d6 3. d4 Nc6 4. Bb5 Bd7 5. d5 Nd4 6. Bxd7+ Qxd7 7. Nc3 f5 8. Be3
Nxf3+ 9. Qxf3 f4 10. Bd2 O-O-O 11. O-O g5 12. h3 h5 13. b4 g4 14. hxg4 hxg4 15.
Qe2 Qh7 16. Qxg4+ Kb8 17. f3 Qh2+ 18. Kf2 Nf6 19. Qg6 Be7 20. Qf7 Ng4+ 21. Ke1
Bh4+ 0-1

[Event "AUTO-INT-340"]
[Site "http://www.queenalice.com/game.php?id=165599"]
[Date "2007.2.8"]
[Round "1"]
[White "jsh272"]
[Black "Leh"]
[Result "1-0"]
[WhiteElo "1569"]
[BlackElo "1471"]

1. e3 e5 2. d4 d5 3. Nf3 e4 4. Ne5 Nf6 5. c4 Bd7 6. c5 c6 7. Be2 Be7 8. b4 O-O
9. Nxd7 Nbxd7 10. a3 a6 11. Nc3 b5 12. O-O Qc7 13. a4 Rab8 14. a5 Rb7 15. f3
exf3 16. Bxf3 Re8 17. e4 dxe4 18. Nxe4 Nxe4 19. Bxe4 Bh4 20. Bxh7+ Kxh7 21. Rxf7
Kg8 22. Bf4 Re1+ 23. Qxe1 Bxe1 24. Bxc7 Bc3 25. Rc1 1-0

[Event "AUTO-INT-340"]
[Site "http://www.queenalice.com/game.php?id=165600"]
[Date "2007.2.8"]
[Round "1"]
[White "Leh"]
[Black "jpzenitram"]
[Result "0-1"]
[WhiteElo "1520"]
[BlackElo "1681"]

1. e4 d6 2. d4 Nf6 3. Nc3 g6 4. Nf3 Bg7 5. Bc4 e6 6. Bg5 a6 7. Qd2 b5 8. Bb3 Nc6
9. d5 Ne5 10. O-O-O O-O 11. dxe6 Bxe6 12. Nxe5 dxe5 13. Bxe6 Qxd2+ 14. Rxd2 fxe6
15. h4 Ne8 16. f3 Nf6 17. Rd7 Nxd7 18. Rd1 Rf7 19. Ne2 c5 20. f4 a5 21. fxe5
Nxe5 22. g3 Nf3 23. Nf4 Nxg5 24. hxg5 e5 25. Ne6 Rc8 26. b3 h5 27. gxh6 Bxh6+
28. Kb2 Kh7 29. Rh1 Rf3 30. Ng5+ Kg7 31. Nxf3 Re8 32. Kc3 Be3 33. Kd3 Bf2 34. g4
Kf6 0-1

[Event "AUTO-INT-340"]
[Site "http://www.queenalice.com/game.php?id=165601"]
[Date "2007.2.8"]
[Round "1"]
[White "jpzenitram"]
[Black "Leh"]
[Result "1-0"]
[WhiteElo "1691"]
[BlackElo "1510"]

1. e4 e5 2. Nf3 Nc6 3. Bc4 Bc5 4. h3 Nf6 5. Nc3 d6 6. d3 Bd7 7. Bg5 h6 8. Bh4 g5
9. Bg3 Qe7 10. Qd2 g4 11. Nh4 O-O-O 12. a3 Nd4 13. Nd5 Nxd5 14. Bxd5 Ba4 15. b3
Bd7 16. O-O gxh3 17. gxh3 Nf3+ 18. Nxf3 Bxh3 19. Rfe1 Rhg8 20. Qxh6 Rxg3+ 21.
Kh2 Bxf2 22. Rf1 Bxf1 23. Rxf1 Rxf3 24. Kg2 Be3 25. Qh5 Rxf1 26. Kxf1 Qf6+ 27.
Qf5+ Qxf5+ 28. exf5 f6 29. Be6+ Kb8 30. Ke2 Bc5 31. b4 Bd4 32. a4 Rh8 33. Kd1
Rh1+ 34. Kd2 Rh2+ 35. Kc1 1-0

[Event "Challenge"]
[Site "http://www.queenalice.com/game.php?id=165846"]
[Date "2007.2.9"]
[Round "-"]
[White "rrainey22"]
[Black "Leh"]
[Result "1-0"]
[WhiteElo "1616"]
[BlackElo "1533"]

1. e4 e5 2. d4 d6 3. d5 Nf6 4. f3 c5 5. c3 Be7 6. Qa4+ Bd7 7. Bb5 O-O 8. h4 a6
9. Bxd7 Nbxd7 10. Na3 b5 11. Qd1 b4 12. Nc4 Nh5 13. Kd2 Ng3 14. Rh3 Bxh4 15.
Nxd6 Nh5 16. Kc2 c4 17. g3 Nxg3 18. cxb4 f5 19. Nxc4 f4 20. Ne2 Rc8 21. b3 Nxe2
22. Qxe2 a5 23. bxa5 Be7 24. Bb2 Qxa5 25. Kb1 Qa6 26. Qh2 Nf6 27. Bxe5 h6 28.
Bxf4 Qb7 29. Kc2 Kf7 30. Qd2 1-0

[Event "MIngu"]
[Site "http://www.queenalice.com/game.php?id=170006"]
[Date "2007.2.17"]
[Round "1"]
[White "Leh"]
[Black "kaikovisk"]
[Result "0-1"]
[WhiteElo "1532"]
[BlackElo "2047"]

1. e4 e5 2. Nf3 Nc6 3. Nc3 Nf6 4. Bc4 Bc5 5. d3 Be7 6. Bd2 d6 7. Ng5 O-O 8. Be3
Bd7 9. Qd2 a6 10. O-O Qe8 11. d4 exd4 12. Bxd4 Nxd4 13. Qxd4 c5 14. Qd3 b5 15.
Bd5 Rb8 16. Qe3 Nxd5 17. Nxd5 Bxg5 18. Qxg5 Qe6 19. Ne7+ Kh8 20. Rfd1 f6 21.
Ng6+ hxg6 0-1

[Event "Challenge"]
[Site "http://www.queenalice.com/game.php?id=186984"]
[Date "2007.3.24"]
[Round "-"]
[White "holandes"]
[Black "Leh"]
[Result "1-0"]
[WhiteElo "1637"]
[BlackElo "1490"]

1. e4 e5 2. c3 Nc6 3. Nf3 Nf6 4. d3 d5 5. Bg5 Be7 6. Bxf6 Bxf6 7. Nbd2 Bg4 8.
Be2 d4 9. O-O h5 10. c4 g5 11. Ne1 Bxe2 12. Qxe2 h4 13. h3 Qd7 14. a3 Rg8 15.
Nb3 g4 16. Nc5 Qe7 17. Nxb7 gxh3 18. Kh2 1-0

[Event "Challenge"]
[Site "http://www.queenalice.com/game.php?id=187058"]
[Date "2007.3.24"]
[Round "-"]
[White "holandes"]
[Black "Leh"]
[Result "1-0"]
[WhiteElo "1654"]
[BlackElo "1480"]

1. e4 e5 2. c3 Nc6 3. Nf3 Nf6 4. d3 Bc5 5. h3 d5 6. Nbd2 dxe4 7. dxe4 Be6 8. Be2
a6 9. b3 Qd7 10. Nc4 Qxd1+ 11. Bxd1 Bxc4 12. bxc4 Nxe4 13. Be3 Bxe3 14. fxe3
Nxc3 15. O-O O-O 16. Bc2 Rad8 17. Ng5 g6 18. Bb3 Kg7 19. Rf2 1-0